Normal view MARC view

Entry Meeting Name

Number of records used in: 1

001 - CONTROL NUMBER

  • control field: 10073

003 - CONTROL NUMBER IDENTIFIER

  • control field: TZ-ArACH

005 - DATE AND TIME OF LATEST TRANSACTION

  • control field: 20130510141406.0

008 - FIXED-LENGTH DATA ELEMENTS

  • fixed length control field: 130510|||a|||||| | ||| d

040 ## - CATALOGING SOURCE

  • Original cataloging agency: TZ-ArACH
  • Transcribing agency: TZ-ArACH

111 ## - HEADING--MEETING NAME

  • Meeting name or jurisdiction name as entry element: Conférence "Droits de l'homme -- handicap -- enfants : vers des dispositions internationales pour le droit des personnes handicapées : le cas particulier des enfants handicapés"
  • Date of meeting: (2004 :
  • Location of meeting: Strasbourg, France)

670 ## - SOURCE DATA FOUND

  • Source citation: Work cat.: (TZ-ArACH)2259: Conférence "Droits de l'homme -- handicap -- enfants : vers des dispositions internationales pour le droit des personnes handicapées : le cas particulier des enfants handicapés" (2004 : Strasbourg, France), Droits de l'homme -- handicap -- enfants :, 2005.

670 ## - SOURCE DATA FOUND

  • Source citation: Work cat.: (TZ-ArACH)2259: Conférence "Droits de l'homme -- handicap -- enfants : vers des dispositions internationales pour le droit des personnes handicapées : le cas particulier des enfants handicapés" (2004 : Strasbourg, France), Droits de l'homme -- handicap -- enfants :, 2005.

African Court on Human and Peoples' Rights | For Inquiries Contact » +255 272 510 510